| 000 | 01622cam a22003135a 4500 | ||
|---|---|---|---|
| 001 | 14884318 | ||
| 005 | 20160404142958.0 | ||
| 008 | 070608s2007 enka frb 001 0 eng d | ||
| 010 | _a 2007297733 | ||
| 020 | _a9780192853783 | ||
| 035 | _a(OCoLC)ocm51668491 | ||
| 035 | _a(OCoLC)51668491 | ||
| 040 |
_aUKM _beng _cUKM _dOCLCQ _dBAKER _dBTCTA _dBWKUK _dYDXCP _dDLC _dEG-ScBUE |
||
| 082 | 0 | 4 |
_a003.857 _bSMI _222 |
| 100 | 1 |
_aSmith, Leonard A. _939768 |
|
| 245 | 1 | 0 |
_aChaos : _ba very short introduction / _cLeonard A. Smith. |
| 260 |
_aOxford ; _aNew York : _bOxford University Press, _c2007. |
||
| 300 |
_a[xv], 180 p. : _bill. ; _c18 cm. |
||
| 490 | 0 |
_aVery short introductions ; _v159 |
|
| 500 | _aIndex : p. 173-180. | ||
| 500 | _aGlossary : p. 163-168. | ||
| 504 | _aBibliography : p. 169-171. | ||
| 520 | _aChaos exists in systems all around us. Even the simplest system can be subject to chaos, denying us accurate predictions of its behaviour, and sometimes giving rise to astonishing structures of large-scale order. This Very Short Introduction draws in philosophy, literature, and accessible maths to explain and illuminate Chaos Theory, showing the variety of its fascinating applications in the real world - from technology to global warming, politics, and even. gambling on the stock market. - ;Chaos exists in systems all around us. Even the simplest system of cause and effect can be subject to ch. | ||
| 650 | 0 |
_aChaotic behavior in systems _vPopular works. _2BUEsh |
|
| 651 | _2BUEsh | ||
| 653 |
_bEEENG _cApril2016 |
||
| 942 | _2ddc | ||
| 999 |
_c21578 _d21550 |
||